Normal view
MARC view
- Banerjee A.V. (Editor); Bardhan P. (Editor); Somanathan R. (Editor) & Srinivasan T.N. (Editor)
Entry Personal Name
001 - CONTROL NUMBER
- control field: 200028
003 - CONTROL NUMBER IDENTIFIER
- control field: OSt
005 - DATE AND TIME OF LATEST TRANSACTION
- control field: 20230714215852.0
008 - FIXED-LENGTH DATA ELEMENTS
- fixed length control field: 230714|| aca||aabn | a|a d
040 ## - CATALOGING SOURCE
- Original cataloging agency: OSt
- Transcribing agency: OSt
100 ## - HEADING--PERSONAL NAME
- Personal name: Banerjee A.V. (Editor); Bardhan P. (Editor); Somanathan R. (Editor) & Srinivasan T.N. (Editor)
670 ## - SOURCE DATA FOUND
- Source citation: Work cat.: (OSt)220275: Banerjee A.V. (Editor) 200027, Poverty And Income Distribution In India, 2017